World Cup Winners in the Premier League - Statistics

General Stats
  • This quiz has been taken 220 times
    148 since last reset
  • The average score is 14 of 42
Answer Stats
Nation World Cup Club(s) PL Years Answer % Correct
Germany 2014 Arsenal 2013-current Mesut Ozil
92%
France 2018 Leicester City, Chelsea 2015-current N'Golo Kante
87%
Spain 2010 Manchester City 2010-current David Silva
76%
France 2018 Tottenham Hotspur 2012-current Hugo Lloris
71%
France 2018 Manchester United 2011-12, 2016-current Paul Pogba
71%
Spain 2010 Arsenal, Chelsea 2003-11, 2014-current Cesc Fabregas
66%
France 2018 Manchester City 2017-current Benjamin Mendy
64%
France 2018 Arsenal, Chelsea 2012-current Olivier Giroud
60%
Spain 2010 Liverpool 2007-11 Fernando Torres
59%
France 1998 Arsenal 1999-2007, 2012 Thierry Henry
59%
Germany 2014 Arsenal 2016-current Shkodran Mustafi
49%
Spain 2010 Chelsea 2011-14 Juan Mata
48%
Germany 2014 Arsenal 2011-18 Per Mertesacker
47%
Germany 2014 Manchester United 2015-17 Bastian Schweinsteiger
43%
France 1998 Arsenal 1996-2005 Patrick Vieira
41%
Spain 2010 Chelsea 2015-current Pedro Rodriguez
36%
France 1998 Arsenal 1997-2000 Emmanuel Petit
34%
Spain 2010 Swansea City, Tottenham Hotspur 2016-current Fernando Llorente
34%
France 1998 Arsenal 2000-06 Robert Pires
34%
France 1998 Manchester United 2000-04 Fabien Barthez
32%
Germany 2014 Arsenal 2012-15 Lukas Podolski
32%
France 1998 Chelsea 1998-2004 Marcel Desailly
27%
Spain 2010 Manchester City 2013-17 Jesus Navas
26%
Germany 2014 Chelsea 2013-15 Andre Schurrle
25%
Spain 2010 Liverpool 2005-14 Pepe Reina
25%
Spain 2010 Manchester United, Middlesbrough 2015-17 Victor Valdes
25%
West Germany 1990 Tottenham Hotspur 1994-95, 1997-98 Jurgen Klinsmann
23%
France 1998 Manchester United 2001-03 Laurent Blanc
22%
Brazil 2002 Middlesbrough 2002-04 Juninho Paulista
20%
Brazil 2002 Arsenal 2002-08 Gilberto Silva
16%
Spain 2010 West Ham United 2016-17 Alvaro Arbeloa
15%
Brazil 2002 Manchester United 2003-05 Jose Kleberson
13%
France 1998 Birmingham City 2003-04 Christophe Dugarry
8%
France 1998 Bolton Wanderers 2002-04 Youri Djorkaeff
8%
France 1998 Chelsea 1999-2000 Didier Deschamps
7%
France 1998 Middlesbrough 2000-01 Christian Karembeu
5%
France 1998 Chelsea 1996-2001 Frank Leboeuf
5%
Brazil 2002 Chelsea 2007-10 Juliano Belletti
5%
West Germany 1990 Liverpool, Fulham 1997-2001 Karl-Heinz Riedle
3%
France 1998 Newcastle United 1998 Stephane Guivarc'h
3%
France 1998 Liverpool 2000-03 Bernard Diomede
2%
Brazil 1994 Middlesbrough 1996 Branco
2%
No matching quizzes found
Score Distribution
Percent of People with Each Score
Percentile by Number Answered
Your Score History
You have not taken this quiz since the last reset